| 000 | 00620nam a22002057a 4500 | ||
|---|---|---|---|
| 999 |
_c2831 _d2831 |
||
| 003 | AR-CdUCM | ||
| 008 | 190305b ||||| |||| 00| 0 spa d | ||
| 020 | _a84-7223-229-8 | ||
| 040 |
_aMUNICIPALIDAD PROVINCIAL DEL CUSCO _cBIBLIOTECA MUNICIPAL DEL CUSCO |
||
| 082 |
_a810 / _bIR75 |
||
| 100 |
_aIrving, John _99838 |
||
| 245 | _aPríncipes de Maine, Reyes de Nueva Inglaterra / | ||
| 260 |
_aBarcelona : _bTusquets ; _c1986. |
||
| 300 |
_a624 páginas ; _c21cm |
||
| 440 |
_aColección Andanzas _n29 _99839 |
||
| 505 | _aNovela | ||
| 650 |
_aLiteratura estadounidense _99582 |
||
| 942 |
_2ddc _cLIBROS |
||
| 945 | _anom | ||